Levels of Communicative Competence Among Fourth Year College Students Of UMDC: Basis for an Enhancement Program. (Record no. 6368)
[ view plain ]
| 000 -LEADER | |
|---|---|
| fixed length control field | 00628nam a22001577a 4500 |
| 008 - FIXED-LENGTH DATA ELEMENTS--GENERAL INFORMATION | |
| fixed length control field | 170309b xxu||||| |||| 00| 0 eng d |
| 082 ## - DEWEY DECIMAL CLASSIFICATION NUMBER | |
| Edition number | 2016 |
| Classification number | UT 0706 |
| Item number | M31 |
| 100 ## - MAIN ENTRY--PERSONAL NAME | |
| 9 (RLIN) | 19161 |
| Personal name | Maningo, Annie Rose C. |
| 245 ## - TITLE STATEMENT | |
| Title | Levels of Communicative Competence Among Fourth Year College Students Of UMDC: Basis for an Enhancement Program. |
| Statement of responsibility, etc. | Annie Rose C. Maningo, April Rose Aquino and Ava R. Bacaoco. |
| 300 ## - PHYSICAL DESCRIPTION | |
| Extent | 58 pages; |
| Other physical details | 29 cm |
| 650 #0 - SUBJECT ADDED ENTRY--TOPICAL TERM | |
| 9 (RLIN) | 19162 |
| Topical term or geographic name as entry element | Education |
| Form subdivision | English |
| General subdivision | Undergraduate Thesis. |
| 700 ## - ADDED ENTRY--PERSONAL NAME | |
| 9 (RLIN) | 19163 |
| Personal name | Maningo, Annie Rose C. |
| 700 ## - ADDED ENTRY--PERSONAL NAME | |
| 9 (RLIN) | 19164 |
| Personal name | Aquino, April Rose. |
| 700 ## - ADDED ENTRY--PERSONAL NAME | |
| 9 (RLIN) | 19165 |
| Personal name | Bacaoco, Ava R. |
| 942 ## - ADDED ENTRY ELEMENTS (KOHA) | |
| Source of classification or shelving scheme | Dewey Decimal Classification |
| Koha item type | Undergraduate Thesis |
| Withdrawn status | Lost status | Source of classification or shelving scheme | Damaged status | Not for loan | Home library | Current library | Date acquired | Total Checkouts | Full call number | Barcode | Date last seen | Price effective from | Koha item type | Copy number |
|---|---|---|---|---|---|---|---|---|---|---|---|---|---|---|
| Dewey Decimal Classification | UM Digos College - LIC | UM Digos College - LIC | 11/07/2016 | UT 0706 M31 2016 | UT0706 | 03/09/2017 | 03/09/2017 | Undergraduate Thesis | ||||||
| Dewey Decimal Classification | UM Digos College - LIC | UM Digos College - LIC | 02/27/2017 | UT 0752 M31 2016 | UT0752 | 04/24/2017 | 04/24/2017 | Undergraduate Thesis | 2 |
